000 00581nam a22001937a 4500
003 OSt
008 251202b |||||||| |||| 00| 0 eng d
082 _a638.1
_bS48I
100 _aSingh, Beer Bahadur.
245 _aImpact of Honeybee (Apis mellifera L.) Pollination on Quantitative and Qualitative Attributes in Toria (Brassica campestris var. Toria)
260 _a.- Pusa, Samastipur
_b: RAU
_c, 2007
300 _a44p.
650 _aEntomology and Agricultural Zoology
650 _aHoneybee
650 _aToria
650 _aThesis
650 _aM. Sc.
942 _2ddc
_cT
999 _c49281
_d49281